Оптимальное управление: учебник

מידע ביבליוגרפי
מחבר ראשי: Алексеев В. М. Владимир Михайлович
מחבר תאגידי: Московский государственный университет им. М. В. Ломоносова (МГУ)
מחברים אחרים: Тихомиров В. М. Владимир Михайлович, Фомин С. В. Сергей Васильевич
סיכום:К 250-летию МГУ.
Книга посвящена важнейшим проблемам теории экстремума — математическому программированию, вариационному исчислению и оптимальному управлению. Главное внимание уделено принципу Лагранжа для необходимых условий, а также достаточным условиям, выпуклым задачам, гамильтонову формализму. Обсуждаются многие задачи, которые ставились и исследовались на протяжении всей истории теории экстремума. Материал книги основан на опыте преподавания теории экстремальных задач на механико-математическом факультете МГУ, и он может служить учебным пособием по многим различным курсам оптимизации. Для студентов университетов, аспирантов, преподавателей и научных работников в области математики и её приложений.
שפה:רוסית
יצא לאור: Москва, Физматлит, 2007
מהדורה:3-е изд., испр. и доп.
סדרה:Классический университетский учебник
נושאים:
פורמט: MixedMaterials ספר
KOHA link:https://koha.lib.tpu.ru/cgi-bin/koha/opac-detail.pl?biblionumber=145722

MARC

LEADER 00000nam0a2200000 4500
001 145722
005 20231101221157.0
010 |a 9785922105897 
035 |a (RuTPU)RU\TPU\book\157955 
035 |a RU\TPU\book\115621 
090 |a 145722 
100 |a 20061218d2007 m y0rusy50 ca 
101 0 |a rus 
102 |a RU 
105 |a y j 011zy 
200 1 |a Оптимальное управление  |e учебник  |f В. М. Алексеев, В. М. Тихомиров, С. В. Фомин  |g МГУ 
205 |a 3-е изд., испр. и доп. 
210 |a Москва  |c Физматлит  |d 2007 
215 |a 408 с. 
225 1 |a Классический университетский учебник 
300 |a К 250-летию МГУ. 
320 |a Библиогр.: с. 368-374. 
320 |a Предметный указатель: с. 379-384. 
330 |a Книга посвящена важнейшим проблемам теории экстремума — математическому программированию, вариационному исчислению и оптимальному управлению. Главное внимание уделено принципу Лагранжа для необходимых условий, а также достаточным условиям, выпуклым задачам, гамильтонову формализму. Обсуждаются многие задачи, которые ставились и исследовались на протяжении всей истории теории экстремума. Материал книги основан на опыте преподавания теории экстремальных задач на механико-математическом факультете МГУ, и он может служить учебным пособием по многим различным курсам оптимизации. Для студентов университетов, аспирантов, преподавателей и научных работников в области математики и её приложений. 
451 1 |0 (RuTPU)RU\TPU\book\115621  |y 5-9221-0589-2  |t Оптимальное управление  |o учебник  |f В. М. Алексеев, В. М. Тихомиров, С. В. Фомин  |e 2-е изд., перераб. и доп.  |c М.  |n Физматлит  |d 2005  |p 384 с.  |s Классический университетский учебник  |a Алексеев, Владимир Михайлович 
606 1 |a Оптимальное управление  |x (математика)  |2 stltpush  |3 (RuTPU)RU\TPU\subj\47188  |9 66248 
610 1 |a учебники 
610 1 |a экстремальные задачи 
610 1 |a множители Лагранжа 
610 1 |a теорема Куна-Таккера 
610 1 |a вариационное исчисление 
610 1 |a задача Лагранжа 
610 1 |a функциональный анализ 
610 1 |a дифференциальное исчисление 
610 1 |a теорема о неявной функции 
610 1 |a конкретные отображения 
610 1 |a дифференцируемость 
610 1 |a обыкновенные дифференциальные уравнения 
610 1 |a выпуклый анализ 
610 1 |a принцип Лагранжа 
610 1 |a принцип максимума Понтрягина 
610 1 |a математика 
610 1 |a математическое программирование 
675 |a 517.977(075.8)  |v 3 
700 1 |a Алексеев  |b В. М.  |g Владимир Михайлович 
701 1 |a Тихомиров  |b В. М.  |g Владимир Михайлович 
701 1 |a Фомин  |b С. В.  |g Сергей Васильевич 
712 0 2 |a Московский государственный университет им. М. В. Ломоносова (МГУ)  |2 stltpush  |3 (RuTPU)RU\TPU\col\7 
801 1 |a RU  |b 63413507  |c 20081021  |g PSBO 
801 2 |a RU  |b 63413507  |c 20120301  |g PSBO 
900 |a Оптимальные системы управления 
900 |a Теория оптимального управления 
900 |a Оптимальное и адаптивное управление 
942 |c BK 
951 |a 510100  |b 010100  |b 010101 
959 |a 92/20081021  |d 1  |e 431,20  |f ЧЗТЛ:1